000 00987nam0a22002651 4500
001 rc\1020593
005 20250622081551.0
035 _a(NLR Aleph) 006185363
090 _a6109458
_c6109458
100 _a20041129d1981 |||y0rusy50 ca
101 0 _arus
102 _aRU
105 _ay |||||||||
200 1 _aПроблемы общественного прогресса в современной идеологической борьбе
210 _aМ.
_cМысль
_d1981
215 _a80 с.
_d20
225 1 _aАктуальные проблемы марксистско-ленинской теории
300 _aВ надзаг.: Акад. обществ. наук при ЦК КПСС
320 _aБиблиогр.: с. 78-79
700 1 _7ca
_8rus
_aМомджян
_bХ. Н.
_f1909-1996
_gХачик Нишанович
_9268733
_3RU\NLR\AUTH\770268789
801 0 _aRU
_bNLR
_gpsbo
801 1 _aRU
_bELAR
_2rusmarc
852 _aNLR
_j82-4/4053
942 _cBOOK
980 _aNB